| 000 | 00685nam a2200217 i 4500 | ||
|---|---|---|---|
| 001 | 99352 | ||
| 003 | ES-MaACL | ||
| 005 | 20230906182501.0 | ||
| 007 | t| | ||
| 008 | 050907s1956 sp ||||1| spa d | ||
| 100 | 1 |
_aMartín-Sánchez Juliá, Fernando. _977648 |
|
| 245 | 1 | 0 |
_aEconomía agraria / _cFernando Martín-Sánchez Juliá, Manuel María de Zulueta y Enriquez. |
| 250 | _a[1ª ed.]. | ||
| 260 |
_aBarcelona : _bSalvat, _c1956. |
||
| 300 |
_aXV, 443 p. : _bil. ; _c22 cm. |
||
| 490 | 1 | _aAgrícola Salvat | |
| 700 | 1 |
_aZulueta y Enriquez, Manuel María. _9118480 |
|
| 830 | 0 |
_aAgrícola Salvat _9181573 |
|
| 852 |
_aES-MaACL _jC-11311 _bR.39388 |
||
| 999 |
_c99352 _d99352 |
||